<?xml version="1.0" encoding="UTF-8"?>
<collection xmlns="http://www.loc.gov/MARC21/slim">
 <record>
  <leader>01893nam a2200217Ia 4500</leader>
  <controlfield tag="001">TDMU_30165</controlfield>
  <controlfield tag="008">210410s9999    xx            000 0 und d</controlfield>
  <datafield tag="082" ind1=" " ind2=" ">
   <subfield code="a">332.642</subfield>
  </datafield>
  <datafield tag="090" ind1=" " ind2=" ">
   <subfield code="b">NH513</subfield>
  </datafield>
  <datafield tag="100" ind1=" " ind2=" ">
   <subfield code="a">Nhung Hà</subfield>
  </datafield>
  <datafield tag="245" ind1=" " ind2="0">
   <subfield code="a">Tuyệt đỉnh cổ vật</subfield>
  </datafield>
  <datafield tag="245" ind1=" " ind2="0">
   <subfield code="b">Tiểu thuyết</subfield>
  </datafield>
  <datafield tag="245" ind1=" " ind2="0">
   <subfield code="c">Nhung Hà</subfield>
  </datafield>
  <datafield tag="260" ind1=" " ind2=" ">
   <subfield code="a">H.</subfield>
  </datafield>
  <datafield tag="260" ind1=" " ind2=" ">
   <subfield code="b">Nxb. Hà Nội</subfield>
  </datafield>
  <datafield tag="260" ind1=" " ind2=" ">
   <subfield code="c">2017</subfield>
  </datafield>
  <datafield tag="300" ind1=" " ind2=" ">
   <subfield code="a">610tr.</subfield>
  </datafield>
  <datafield tag="520" ind1=" " ind2=" ">
   <subfield code="a">Tên thật tác giả: Hà Thị Tuyết Nhung; Cuốn tiểu thuyết là một tác phẩm hư cấu. Những lý giải trong cuốn sách được nhìn dưới góc độ cá nhân, dựa trên những tư liệu, những điều huyền bí â€œcắm rễâ€ trong lịch sử, văn hóa Việt Nam. Tôi ủng hộ quan điểm cho rằng trước khi tiếp xúc với người Hán từ phương Bắc đến, tổ tiên chúng ta đã tạo dựng nên một nền văn minh rực rỡ, nếu không muốn nói là rực rỡ nhất trong vùng Đông Nam Á. Tổ tiên chúng ta là những nhà kỹ thuật giỏi, đã biết sản xuất vũ khí để đánh giặc, đã đúc được những trống đồng tinh xảo để truyền lại những ý tưởng và triết lý cho hậu duệ. Tổ tiên chúng ta cũng đã phát triển và ứng dụng kỹ thuật trồng lúa nước đầu tiên, là bậc thầy của nghề trồng lúa nước.</subfield>
  </datafield>
  <datafield tag="650" ind1=" " ind2=" ">
   <subfield code="a">Văn học hiện đại</subfield>
   <subfield code="v">Tiểu thuyết</subfield>
   <subfield code="z">Việt Nam; Văn học Việt Nam</subfield>
   <subfield code="v">Tiểu thuyết</subfield>
  </datafield>
  <datafield tag="856" ind1=" " ind2=" ">
   <subfield code="u">http://lrc.tdmu.edu.vn/opac/search/detail.asp?aID=2&amp;ID=30165</subfield>
  </datafield>
  <datafield tag="980" ind1=" " ind2=" ">
   <subfield code="a">Trung tâm Học liệu Trường Đại học Thủ Dầu Một</subfield>
  </datafield>
 </record>
</collection>
